Pokémon PWT : Champions de Kanto - Statistiques

Statistiques générales
  • Ce quiz a été pris 212 fois
  • Le résultat moyen est 38 sur 48
Statistiques - réponses
Indice Réponse % Correct
Major Bob Raichu
99%
Morgane Alakazam
98%
Ondine Staross
98%
Auguste Galopa
95%
Pierre Onix
93%
Pierre Grolem
93%
Giovanni Grolem
93%
Auguste Arcanin
91%
Giovanni Nidoking
91%
Erika Rafflesia
91%
Giovanni Rhinastoc
91%
Major Bob Electrode
90%
Auguste Maganon
90%
Auguste Dracaufeu
89%
Giovanni Nidoqueen
89%
Jeannine Smogogo
89%
Erika Empiflor
88%
Major Bob Elekable
86%
Erika Florizarre
86%
Major Bob Magnezone
86%
Ondine Tortank
86%
Major Bob Voltali
86%
Ondine Akwakwak
85%
Auguste Pyroli
85%
Pierre Amonistar
84%
Pierre Kabutops
84%
Jeannine Aéromite
81%
Pierre Ptera
81%
Erika Bouldeneu
79%
Morgane Hypnomade
79%
Jeannine Nostenfer
79%
Auguste Feunard
78%
Ondine Flagadoss
78%
Ondine Poissoroy
78%
Erika Noadkoko
74%
Ondine Lokhlass
71%
Morgane M mime
71%
Erika Joliflor
69%
Morgane Mentali
69%
Morgane Roigada
65%
Morgane Lippoutou
63%
Major Bob Pharamp
63%
Jeannine Arbok
61%
Jeannine Tentacruel
61%
Giovanni Ossatueur
59%
Jeannine Migalos
58%
Giovanni Sablaireau
48%
Pierre Relicanth
43%
Aucun quiz correspondant
Distribution des résultats
% des personnes avec chaque résultat
Percentile par nombre de réponses
Votre historique - résultats
Vous n’avez pas pris ce quiz